Por parte de Pa (Registro nro. 1068)
[ vista simple ]
| 000 -CABECERA | |
|---|---|
| Longitud fija campo de control | 00983nam a2200277Ia 4500 |
| 005 - • FECHA Y HORA DE LA ÚLTIMA TRANSACCIÓN | |
| Fecha y hora de la última transacción | 20220316235455.0 |
| 008 - • CÓDIGOS DE INFORMACIÓN DE LONGITUD FIJA | |
| Códigos de información de longitud fija | 121119s2000 mx a gr 000 j spa |
| 020 ## - • NÚMERO INTERNACIONAL NORMALIZADO PARA LIBROS | |
| Número Internacional Normalizado para Libros (ISBN) | 9681654625 |
| 041 1# - • CÓDIGO DE LENGUA | |
| Código de lengua del texto/banda sonora o título independiente | spa |
| 040 ## - FUENTE DE LA CATALOGACIÓN | |
| Centro catalogador de origen | CO-BoRNBP |
| Lengua de catalogación | spa |
| Normas de descripción | rda |
| Centro transcriptor | CO-BoRNBP |
| 084 ## - • Clasificación Local Alfanúmerica PNLB | |
| Número de clasificación | C CAM5 |
| 100 1# - • PUNTO DE ACCESO PRINCIPAL-NOMBRE DE PERSONA | |
| Nombre de persona | Campos Queiros, Bartolomeu |
| 245 10 - • TITULO PROPIAMENTE DICHO | |
| Título | Por parte de Pa |
| Mención de responsabilidad, etc. | Bartolomeu Campos Queiros ; ilustraciones de Fabricio Vanden Broeck ; traducción de Fatima Andreu |
| 250 ## - • MENCIÓN DE EDICIÓN | |
| Mención de edición | Primera edición |
| 264 ## - PRODUCCIÓN, PUBLICACIÓN , DISTRIBUCIÓN, FABRICACIÓN Y COPYRIGHT | |
| Lugar de producción, publicación, distribución, fabricación | México |
| Nombre del productor, editor, distribuidor, fabricante | Fondo de Cultura Económica |
| Fecha de de producción, publicación, distribución, fabricación o copyright | 2000 |
| 300 ## - • DESCRIPCIÓN FÍSICA | |
| Extensión | 54 páginas |
| Otras características físicas | ilustraciones |
| Dimensiones | 19 cm |
| 336 ## - TIPO DE CONTENIDO | |
| Término de tipo de contenido | texto |
| Código de tipo de contenido | txt |
| Fuente | rdacontent |
| 337 ## - TIPO DE MEDIO | |
| Nombre del tipo de medio | sin mediación |
| Código del tipo de medio | n |
| Fuente | rdamedia |
| 338 ## - TIPO DE SOPORTE | |
| Nombre del tipo de soporte | volumen |
| Código del tipo de soporte | nc |
| Fuente | rdacarrier |
| 490 0# - • MENCIÓN DE SERIE | |
| Mención de serie | A la orilla del viento. Para los grandes lectores |
| 650 14 - • PUNTO DE ACCESO ADICIONAL DE MATERIA - TÉRMINO DE MATERIA | |
| Término de materia o nombre geográfico como elemento inicial | Cuentos brasileños |
| Fuente del encabezamiento o término | LEMB |
| 650 14 - • PUNTO DE ACCESO ADICIONAL DE MATERIA - TÉRMINO DE MATERIA | |
| Término de materia o nombre geográfico como elemento inicial | Literatura brasileña |
| Fuente del encabezamiento o término | LEMB |
| 700 1# - • PUNTO DE ACCESO ADICIONAL - NOMBRE DE PERSONA | |
| Nombre de persona | Vanden Broeck, Fabricio |
| Término indicativo de función | ilustrador |
| 700 1# - • PUNTO DE ACCESO ADICIONAL - NOMBRE DE PERSONA | |
| Nombre de persona | Andreu, Fátima |
| Término indicativo de función | traductor |
| 942 ## - ENTRADA DE ELEMENTOS AGREGADOS (KOHA) | |
| Fuente de clasificaión o esquema | |
| Koha [por defecto] tipo de item | Libro Literatura |
| Perdido | Fuente de clasificación o esquema | Estado Físico | No para préstamo | Forma de adquisición | Localización permanente | Localización actual | Localización en estanterías | Fecha adquisición | Préstamos totales | Signatura completa | Código de barras | Fecha última consulta | Número de copia | Fecha del precio de reemplazo | Tipo de item de Koha | Número de registro |
|---|---|---|---|---|---|---|---|---|---|---|---|---|---|---|---|---|
| Dewey Decimal Classification | Colección General | Biblioteca Pública Dorado | Biblioteca Pública Dorado | Literatura | 02/23/2023 | CCAM5 | DOR01937 | 02/23/2023 | Ej.1 | 02/23/2023 | Libro Literatura | |||||
| Dewey Decimal Classification | Colección General | Biblioteca Pública Dorado | Biblioteca Pública Dorado | Literatura | 02/24/2023 | CCAM5 | DOR01960 | 02/24/2023 | Ej.1 | 02/24/2023 | Libro Literatura | |||||
| Dewey Decimal Classification | Infantil | Biblioteca Pública José Eustasio Rivera - San Martin | Biblioteca Pública José Eustasio Rivera - San Martin | Sala Infantil | 07/12/2023 | C CAM5 | SM00770 | 07/12/2023 | Ej.1 | 07/12/2023 | Libro Literatura | |||||
| Dewey Decimal Classification | Colección General | Biblioteca Pública Puerto Lleras | Biblioteca Pública Puerto Lleras | Literatura | 10/13/2023 | N CAM5 | PLL00243 | 10/13/2023 | Ej.1 | 10/13/2023 | Libro Infantil | |||||
| Dewey Decimal Classification | Colección General | Biblioteca Pública San Carlos de Guaroa - Eduardo Carranza | Biblioteca Pública San Carlos de Guaroa - Eduardo Carranza | Literatura | 09/04/2023 | C CAM5 | SG00970 | 09/04/2023 | Ej.1 | 09/04/2023 | Libro Literatura | |||||
| Dewey Decimal Classification | Colección General | Biblioteca Pública El Castillo - Alfonso Meneses | Biblioteca Pública El Castillo - Alfonso Meneses | Literatura | 08/18/2023 | C CAM5 | EC02598 | 08/18/2023 | Ej.1 | 08/18/2023 | Libro Literatura | |||||
| Dewey Decimal Classification | Colección General | Biblioteca Pública Acacias - Carlos María Hernández Rojas | Biblioteca Pública Acacias - Carlos María Hernández Rojas | Literatura | 10/23/2023 | N CAM5 | ACA09456 | 10/23/2023 | Ej.1 | 10/23/2023 | Libro Literatura | |||||
| Dewey Decimal Classification | Sala General | Biblioteca Pública Mapiripan | Biblioteca Pública Mapiripan | Literatura | 01/19/2024 | C CAM5 | MAP00002465 | 01/19/2024 | Ej.1 | 01/19/2024 | Libro Literatura | |||||
| Dewey Decimal Classification | Colección General | Biblioteca Pública Uribe - Reinerio Arenas | Biblioteca Pública Uribe - Reinerio Arenas | Literatura | 12/19/2024 | C CAM5 | URI01962 | 12/19/2024 | Ej.1 | 12/19/2024 | Libro Literatura | |||||
| Dewey Decimal Classification | Infantil | Biblioteca Pública Uribe - Reinerio Arenas | Biblioteca Pública Uribe - Reinerio Arenas | Sala Infantil | 06/25/2025 | C CAM5 | URI02599 | 06/25/2025 | Ej.1 | 06/25/2025 | Libro Infantil | |||||
| Dewey Decimal Classification | Biblioteca Pública Vistahermosa | Biblioteca Pública Vistahermosa | 07/02/2025 | C CAM5 | VIST 0002494 | 07/02/2025 | Ej.1 | 07/02/2025 | Libro Literatura | C CAM5 |